Convention Naseem Pastorte tanchin (Kum 1910-2010) / (Record no. 3671)

MARC details
000 -LEADER
fixed length control field 00479nam a2200169Ia 4500
003 - CONTROL NUMBER IDENTIFIER
control field GBCCL
005 - DATE AND TIME OF LATEST TRANSACTION
control field 20241126110500.0
008 - FIXED-LENGTH DATA ELEMENTS--GENERAL INFORMATION
fixed length control field 171201b xxu||||| |||| 00| 0 eng d
040 ## - CATALOGING SOURCE
Transcribing agency gbc
082 ## - DEWEY DECIMAL CLASSIFICATION NUMBER
Classification number VER 253.0922
Item number NEN
100 ## - MAIN ENTRY--PERSONAL NAME
Personal name Nengsong, H.
9 (RLIN) 7266
245 ## - TITLE STATEMENT
Title Convention Naseem Pastorte tanchin (Kum 1910-2010) /
Statement of responsibility, etc. H. Nengsong
260 ## - PUBLICATION, DISTRIBUTION, ETC.
Name of publisher, distributor, etc. Author,
Place of publication, distribution, etc. Hiangtam Lamka:
Date of publication, distribution, etc. 2011
300 ## - PHYSICAL DESCRIPTION
Extent 191p.;
Other physical details ill.,
Dimensions 22 cm.
650 ## - SUBJECT ADDED ENTRY--TOPICAL TERM
Topical term or geographic name entry element Pastors
Form subdivision Biographies
9 (RLIN) 7280
942 ## - ADDED ENTRY ELEMENTS (KOHA)
Source of classification or shelving scheme Dewey Decimal Classification
Koha item type Books
Koha issues (borrowed), all copies 1
Holdings
Withdrawn status Lost status Source of classification or shelving scheme Damaged status Not for loan Collection Home library Current Library Shelving location Date acquired Total checkouts Full call number Barcode Date last seen Copy number Price effective from Koha item type Total renewals Date last checked out
    Dewey Decimal Classification       GRACE BIBLE COLLEGE GRACE BIBLE COLLEGE Vernacular 2017-12-01   VER 253.0922 NEN 006694 2025-05-01 c.1 2017-12-01 Books    
    Dewey Decimal Classification       GRACE BIBLE COLLEGE GRACE BIBLE COLLEGE Vernacular 2018-01-18 1 VER 253.0922 NEN 006696 2025-05-01 c.2 2018-01-18 Books 1 2019-11-13
© Grace Bible College Library 2025